| 000 | 00985nam a2200277Ia 4500 | ||
|---|---|---|---|
| 003 | OSt | ||
| 005 | 20221005105951.0 | ||
| 006 | a|||||r|||| 00| 0 | ||
| 007 | ta | ||
| 008 | 221004b |||||||| |||| 00| 0 hin d | ||
| 020 | _c60 | ||
| 024 | _a93256 | ||
| 037 |
_b532, 19/03/2009, Vani Prakashan _cTextual |
||
| 040 |
_aCRL _cCRL _bhin |
||
| 041 |
_2hin _ahin |
||
| 082 | _aV2y7M85, 152M9 | ||
| 100 | _aविष्णु प्रभाकर | ||
| 245 | 0 | _aकाका कालेलकर | |
| 246 | _aKākā kālelakara | ||
| 260 |
_aनई दिल्ली _bसाहित्य अकादेमी भारत _c1989 |
||
| 300 |
_a110पृ0 _ccm. |
||
| 490 | _aभारतीय साहित्य के निर्माता | ||
| 650 | _aहिन्दी साहित्य | ||
| 942 |
_hV2y7M85, 152M9 _cTEXL _2cc |
||
| 999 |
_c1017373 _d1017373 |
||